Normal view
MARC view
Entry Personal Name
001 - CONTROL NUMBER
- control field: 875281
003 - CONTROL NUMBER IDENTIFIER
- control field: OSt
005 - DATE AND TIME OF LATEST TRANSACTION
- control field: 20260114185846.0
008 - FIXED-LENGTH DATA ELEMENTS
- fixed length control field: 260114|| aca||aabn | a|a d
040 ## - CATALOGING SOURCE
- Original cataloging agency: OSt
- Transcribing agency: OSt
100 ## - HEADING--PERSONAL NAME
- Personal name: Peter Jackson, Michelle Lowe, Daniel Miller and Frank Mort
670 ## - SOURCE DATA FOUND
- Source citation: Work cat.: (OSt)1474215: Peter Jackson, Michelle Lowe, Daniel Miller and Frank Mort, Commercial Cultures Economies, Practices, Spaces, 2000
